000 00650nam a2200241Ia 4500
003 OSt
005 20221007075520.0
006 a|||||r|||| 00| 0
007 ta
008 221006b |||||||| |||| 00| 0 eng d
024 _a29,377
037 _cTextual
040 _aFLL
_cFLL
_beng
041 _2eng
_aeng
082 _aX:979C:Z2, P4.2
100 _aMalhorta O. P.
_9693963
245 0 _aLaw of industrial disputes
250 _a6th
260 _aNew Delhi
_bLexisNexis Butterworths India India
_c2004
300 _axxiv,2481p
_ccm.
942 _hX:979C:Z2, P4.2
_cTEXL
_2CC
999 _c1156374
_d1156374